The Chinese church that will not die, (Record no. 2674)
[ view plain ]
| 000 -LEADER | |
|---|---|
| fixed length control field | 00944cam a2200313 4500 |
| 001 - CONTROL NUMBER | |
| control field | 4082745 |
| 003 - CONTROL NUMBER IDENTIFIER | |
| control field | GBCCL |
| 005 - DATE AND TIME OF LATEST TRANSACTION | |
| control field | 20241126110436.0 |
| 008 - FIXED-LENGTH DATA ELEMENTS--GENERAL INFORMATION | |
| fixed length control field | 720922s1971 enkacf 000 0aeng |
| 010 ## - | |
| -- | 72188833 |
| 015 ## - | |
| -- | B71-29677 |
| 020 ## - INTERNATIONAL STANDARD BOOK NUMBER | |
| International Standard Book Number | 0340150572 |
| 040 ## - CATALOGING SOURCE | |
| Original cataloging agency | DLC |
| Transcribing agency | DLC |
| Modifying agency | DLC |
| 043 ## - | |
| -- | a-cc--- |
| 050 00 - | |
| -- | BR1297.W28 |
| -- | A3 |
| 082 00 - DEWEY DECIMAL CLASSIFICATION NUMBER | |
| Classification number | 275.1 |
| Item number | WAN |
| 100 1# - MAIN ENTRY--PERSONAL NAME | |
| Personal name | Wang, Mary. |
| 9 (RLIN) | 5180 |
| 245 14 - TITLE STATEMENT | |
| Title | The Chinese church that will not die, |
| Statement of responsibility, etc. | by Mary Wang, with Gwen and Edward England. |
| 260 ## - PUBLICATION, DISTRIBUTION, ETC. | |
| Place of publication, distribution, etc. | London, |
| Name of publisher, distributor, etc. | Hodder and Stoughton, |
| Date of publication, distribution, etc. | 1971. |
| 300 ## - PHYSICAL DESCRIPTION | |
| Extent | 160 p., 8 plates. |
| Other physical details | illus., ports. |
| Dimensions | 18 cm. |
| 490 0# - SERIES STATEMENT | |
| Series statement | Hodder Christian paperbacks |
| 600 10 - SUBJECT ADDED ENTRY--PERSONAL NAME | |
| Personal name | Wang, Mary. |
| 9 (RLIN) | 5180 |
| 650 #0 - SUBJECT ADDED ENTRY--TOPICAL TERM | |
| Topical term or geographic name entry element | Christianity |
| Geographic subdivision | China. |
| 9 (RLIN) | 1201 |
| 650 #0 - SUBJECT ADDED ENTRY--TOPICAL TERM | |
| Topical term or geographic name entry element | Persecution |
| Geographic subdivision | China. |
| 9 (RLIN) | 5181 |
| 700 1# - ADDED ENTRY--PERSONAL NAME | |
| Personal name | England, Gwen. |
| 9 (RLIN) | 5630 |
| 700 1# - ADDED ENTRY--PERSONAL NAME | |
| Personal name | England, Edward, |
| Dates associated with a name | 1930-2010. |
| 9 (RLIN) | 5631 |
| 906 ## - LOCAL DATA ELEMENT F, LDF (RLIN) | |
| a | 7 |
| b | cbc |
| c | orignew |
| d | 3 |
| e | ncip |
| f | 19 |
| g | y-gencatlg |
| 942 ## - ADDED ENTRY ELEMENTS (KOHA) | |
| Source of classification or shelving scheme | Dewey Decimal Classification |
| Koha item type | Books |
| Withdrawn status | Lost status | Source of classification or shelving scheme | Damaged status | Not for loan | Home library | Current Library | Shelving location | Date acquired | Total checkouts | Full call number | Barcode | Date last seen | Copy number | Price effective from | Koha item type |
|---|---|---|---|---|---|---|---|---|---|---|---|---|---|---|---|
| Dewey Decimal Classification | GRACE BIBLE COLLEGE | GRACE BIBLE COLLEGE | Church History | 2017-09-12 | 275.1 WAN | 000881 | 2025-05-01 | c.1 | 2017-09-12 | Books |